<?xml version="1.0" encoding="UTF-8"?><?xml-stylesheet type="text/xsl" href="static/style.xsl"?><OAI-PMH xmlns="http://www.openarchives.org/OAI/2.0/" xmlns:xsi="http://www.w3.org/2001/XMLSchema-instance" xsi:schemaLocation="http://www.openarchives.org/OAI/2.0/ http://www.openarchives.org/OAI/2.0/OAI-PMH.xsd"><responseDate>2026-04-14T05:59:07Z</responseDate><request verb="GetRecord" identifier="oai:www.recercat.cat:20.500.12328/5179" metadataPrefix="marc">https://recercat.cat/oai/request</request><GetRecord><record><header><identifier>oai:recercat.cat:20.500.12328/5179</identifier><datestamp>2026-01-24T15:14:21Z</datestamp><setSpec>com_2072_67741</setSpec><setSpec>col_2072_484352</setSpec></header><metadata><record xmlns="http://www.loc.gov/MARC21/slim" xmlns:dcterms="http://purl.org/dc/terms/" xmlns:xsi="http://www.w3.org/2001/XMLSchema-instance" xmlns:doc="http://www.lyncode.com/xoai" xsi:schemaLocation="http://www.loc.gov/MARC21/slim http://www.loc.gov/standards/marcxml/schema/MARC21slim.xsd">
   <leader>00925njm 22002777a 4500</leader>
   <datafield ind2=" " ind1=" " tag="042">
      <subfield code="a">dc</subfield>
   </datafield>
   <datafield ind2=" " ind1=" " tag="720">
      <subfield code="a">Lichtenfeld, Stephanie</subfield>
      <subfield code="e">author</subfield>
   </datafield>
   <datafield ind2=" " ind1=" " tag="720">
      <subfield code="a">Maier, Markus</subfield>
      <subfield code="e">author</subfield>
   </datafield>
   <datafield ind2=" " ind1=" " tag="720">
      <subfield code="a">Buechner, Vanessa</subfield>
      <subfield code="e">author</subfield>
   </datafield>
   <datafield ind2=" " ind1=" " tag="720">
      <subfield code="a">Fernandez Capo, Maria</subfield>
      <subfield code="e">author</subfield>
   </datafield>
   <datafield ind2=" " ind1=" " tag="260">
      <subfield code="c">2019-06-25</subfield>
   </datafield>
   <datafield ind2=" " ind1=" " tag="520">
      <subfield code="a">Research on forgiveness suggests that forgiveness is an emotion-focused coping&#xd;
process important for clinical settings as it can promote both physical and mental health&#xd;
(Worthington et al., 2005; Witvliet and McCullough, 2007). Investigating antecedents of&#xd;
forgiveness, empirical studies and theoretical models propose that attributions influence&#xd;
forgiveness. However, hardly any studies or theoretical models have ever looked at the&#xd;
possibility that this relationship may be reciprocal in nature and whether forgiveness also&#xd;
impacts a victim’s attributions has not been investigated. The present, highly powered&#xd;
(n = 969) study seeks to fill this gap and provides the first empirical support that&#xd;
emotional forgiveness has a strong influence on subsequent attributions. Specifically,&#xd;
individuals, who have emotionally forgiven a transgression, hold the transgressor&#xd;
less responsible for the offense compared to those in the decisional forgiveness&#xd;
and control condition. Moreover, the findings conceptually replicate previous research&#xd;
(Lichtenfeld et al., 2015) by demonstrating that emotional, but not decisional forgiveness&#xd;
affects cognition and, thus, emotional and decisional forgiveness should be treated as&#xd;
distinct facets in the forgiveness process. Implications of these results for clinical and&#xd;
health psychology are discussed.</subfield>
   </datafield>
   <datafield ind1="8" ind2=" " tag="024">
      <subfield code="a">Lichtenfeld, Stephanie; Maier, Markus; Buechner, Vanessa[et al.]. The Influence of Decisional and Emotional Forgiveness on Attributions. Frontiers in Psychology, 2019, 10, 1425. Disponible en &lt;https://www.frontiersin.org/journals/psychology/articles/10.3389/fpsyg.2019.01425/full>. Fecha de acceso: 23 ene. 2026. DOI:10.3389/fpsyg.2019.01425</subfield>
   </datafield>
   <datafield ind1="8" ind2=" " tag="024">
      <subfield code="a">1664-1078</subfield>
   </datafield>
   <datafield ind1="8" ind2=" " tag="024">
      <subfield code="a">http://hdl.handle.net/20.500.12328/5179</subfield>
   </datafield>
   <datafield ind1="8" ind2=" " tag="024">
      <subfield code="a">https://dx.doi.org/10.3389/fpsyg.2019.01425</subfield>
   </datafield>
   <datafield tag="653" ind2=" " ind1=" ">
      <subfield code="a">Emotional forgiveness</subfield>
   </datafield>
   <datafield tag="653" ind2=" " ind1=" ">
      <subfield code="a">Decisional forgiveness</subfield>
   </datafield>
   <datafield tag="653" ind2=" " ind1=" ">
      <subfield code="a">Attributions</subfield>
   </datafield>
   <datafield tag="653" ind2=" " ind1=" ">
      <subfield code="a">Forgiveness</subfield>
   </datafield>
   <datafield tag="653" ind2=" " ind1=" ">
      <subfield code="a">Emotion</subfield>
   </datafield>
   <datafield tag="653" ind2=" " ind1=" ">
      <subfield code="a">Perdón emocional</subfield>
   </datafield>
   <datafield tag="653" ind2=" " ind1=" ">
      <subfield code="a">Perdón decisional</subfield>
   </datafield>
   <datafield tag="653" ind2=" " ind1=" ">
      <subfield code="a">Atribuciones</subfield>
   </datafield>
   <datafield tag="653" ind2=" " ind1=" ">
      <subfield code="a">Perdón</subfield>
   </datafield>
   <datafield tag="653" ind2=" " ind1=" ">
      <subfield code="a">Emoción</subfield>
   </datafield>
   <datafield tag="653" ind2=" " ind1=" ">
      <subfield code="a">Perdó emocional</subfield>
   </datafield>
   <datafield tag="653" ind2=" " ind1=" ">
      <subfield code="a">Perdó decisional</subfield>
   </datafield>
   <datafield tag="653" ind2=" " ind1=" ">
      <subfield code="a">Atribucions</subfield>
   </datafield>
   <datafield tag="653" ind2=" " ind1=" ">
      <subfield code="a">Perdó</subfield>
   </datafield>
   <datafield tag="653" ind2=" " ind1=" ">
      <subfield code="a">Emoció</subfield>
   </datafield>
   <datafield ind2="0" ind1="0" tag="245">
      <subfield code="a">The Influence of Decisional and Emotional Forgiveness on Attributions</subfield>
   </datafield>
</record></metadata></record></GetRecord></OAI-PMH>